000
00290nam a2200121Ia 4500
008
191201s2013 xx 000 0 und d
100
_a
GANGOPADHYAY, Subinoy
245
0
_a
Engineering Geology
260
_a
N. Delhi
_b
Oxford
_c
2013
300
_a
566
650
_a
B.Tech(CE)
942
_2
ddc
_c
BK
999
_c
5755
_d
5755